Dovolenka v Zákonníku práce

Dovolenka na zotavenie je upravená predovšetkým v Zákonníku práce č. 311/2001 Z.z. v znení neskorších predpisov. Druhy dovoleniek, nárok na dovolenku, výmera dovolenky. Dovolenka za odpracované dni, dodatková dovolenka. Čerpanie dovolenky, krátenie dovolenky, prerušenie dovolenky, hromadné čerpanie...

Description complète

Enregistré dans:
Détails bibliographiques
Auteur principal: Indrišek, Štefan
Format: Chapitre de livre
Langue:slovaque
Sujets:
Tags: Ajouter un tag
Pas de tags, Soyez le premier à ajouter un tag!

MARC

LEADER 00000naa$a2200000$$$4500
001 0042655
005 20230919095535.0
041 0 |a slo 
044 |a SK 
245 1 0 |a Dovolenka v Zákonníku práce  |c Štefan Indrišek 
520 |a Dovolenka na zotavenie je upravená predovšetkým v Zákonníku práce č. 311/2001 Z.z. v znení neskorších predpisov. Druhy dovoleniek, nárok na dovolenku, výmera dovolenky. Dovolenka za odpracované dni, dodatková dovolenka. Čerpanie dovolenky, krátenie dovolenky, prerušenie dovolenky, hromadné čerpanie dovolenky. Náhrada mzdy za nevyčerpanú dovolenku. Dovolenka a dohody o prácach vykonaných mimo pracovného pomeru. 
610 2 0 |a zákonník práce 
610 2 0 |a dovolenka 
610 2 0 |a právo pracovné 
100 1 |a Indrišek, Štefan